[Event "Bodensee op"]
[Site "Bregenz"]
[Date "2024.05.11"]
[Round "8"]
[White "Pfister, Peter"]
[Black "Loretz, Jonas"]
[Result "1-0"]
[WhiteElo "2040"]
[BlackElo "1796"]
[PlyCount "73"]
[EventDate "2024.05.04"]
[EventType "swiss"]
[EventRounds "9"]
[EventCountry "AUT"]
[SourceTitle "CBM 220 Extra"]
[Source "ChessBase"]
[SourceDate "2024.07.31"]
[SourceVersion "1"]
[SourceVersionDate "2024.07.31"]
[SourceQuality "1"]

1. Nf3 c5 2. c4 Nc6 3. d4 cxd4 4. Nxd4 g6 5. e4 Bg7 6. Nc2 d6 7. Be2 Nf6 8. Nc3 0-0 9. 0-0 Bd7 10. Bg5 h6 11. Be3 Ne5 12. f3 a6 13. Qd2 Kh7 14. a4 Rc8 15. b3 Qa5 16. b4 Qc7 17. Na3 Be6 18. Rfc1 Qd7 19. Nd5 Bxd5 20. exd5 Ng8 21. a5 f5 22. b5 e6 23. Rab1 exd5 24. cxd5 axb5 25. Nxb5 Qe7 26. Nd4 Nf6 27. Ne6 Rfe8 28. Bb5 Ned7 29. Re1 Rg8 30. Bd4 Qf7 31. Nxg7 Kxg7 32. Bxd7 Qxd7 33. Re6 Rgf8 34. Qb2 Qd8 35. Rxf6 Rxf6 36. Bxf6+ Qxf6 37. Qxb7+ 1-0

[Event "Bodensee op"]
[Site "Bregenz"]
[Date "2024.05.08"]
[Round "5"]
[White "Ellinger, Maximilian"]
[Black "Pfister, Peter"]
[Result "1/2-1/2"]
[WhiteElo "1818"]
[BlackElo "2040"]
[PlyCount "62"]
[EventDate "2024.05.04"]
[EventType "swiss"]
[EventRounds "9"]
[EventCountry "AUT"]
[SourceTitle "CBM 220 Extra"]
[Source "ChessBase"]
[SourceDate "2024.07.31"]
[SourceVersion "1"]
[SourceVersionDate "2024.07.31"]
[SourceQuality "1"]

1. e4 g6 2. d4 Bg7 3. Nc3 a6 4. a4 d6 5. Be3 Nc6 6. h3 e5 7. Nf3 exd4 8. Nxd4 Nf6 9. Be2 0-0 10. 0-0 Re8 11. Bf3 Ne5 12. Re1 c5 13. Nb3 Be6 14. Bf4 Qc7 15. Bxe5 dxe5 16. Qe2 Rad8 17. Red1 c4 18. Nd2 Bh6 19. Nf1 Qb6 20. Rab1 Rxd1 21. Qxd1 Rd8 22. Qe2 Rd4 23. Ne3 Qc5 24. Ra1 b6 25. Nf1 Qd6 26. Kh2 Qd7 27. Qe1 Bf4+ 28. Kg1 Bg5 29. Ne2 Bd2 30. Nxd2 Rxd2 31. Rc1 h5 1/2-1/2

[Event "Basel op"]
[Site "Basel"]
[Date "2014.01.01"]
[Round "1"]
[White "Hort, Vlastimil"]
[Black "Pfister, Peter"]
[Result "1-0"]
[WhiteElo "2436"]
[BlackElo "2102"]
[PlyCount "103"]
[EventDate "2014.01.01"]
[EventType "swiss"]
[EventRounds "7"]
[EventCountry "SUI"]
[SourceTitle "CBM 158 Extra"]
[Source "ChessBase"]
[SourceDate "2014.02.28"]
[SourceVersion "1"]
[SourceVersionDate "2014.02.28"]
[SourceQuality "1"]

1. e4 e6 2. d4 d5 3. Nd2 c5 4. exd5 exd5 5. Ngf3 Nc6 6. Be2 Bd6 7. 0-0 Nge7 8. dxc5 Bxc5 9. Nb3 Bd6 10. Re1 0-0 11. c3 f6 12. Be3 Re8 13. Nbd4 Ne5 14. h3 a6 15. Qb3 Qc7 16. Rad1 Nc4 17. Bd3 Kh8 18. Qc2 g6 19. Bxc4 dxc4 20. Qe4 Bf5 21. Nxf5 Nxf5 22. Qg4 Nxe3 23. Rxe3 Rxe3 24. fxe3 Re8 25. Qd4 Bf8 26. Qxf6+ Bg7 27. Qh4 b5 28. Kh1 b4 29. Ng5 h6 30. cxb4 Qe7 31. Rd5 Qxe3 32. Nf3 Qc1+ 33. Kh2 Qxb2 34. Qxc4 Qe2 35. Qxe2 Rxe2 36. a3 Re6 37. Kg3 g5 38. Kf2 Bb2 39. Rd3 Kh7 40. Rb3 Bf6 41. Rd3 h5 42. Nd2 g4 43. hxg4 hxg4 44. Kg3 Re2 45. Nc4 Re4 46. Nd6 Be5+ 47. Kh4 Bxd6 48. Rxd6 g3+ 49. Kh3 a5 50. bxa5 Re3 51. a4 Ra3 52. Rd4 1-0

[Event "Winterthur op 11th"]
[Site "Winterthur"]
[Date "2011.10.08"]
[Round "1"]
[White "Gleizerov, Evgeny"]
[Black "Pfister, Peter"]
[Result "1-0"]
[WhiteElo "2585"]
[BlackElo "2112"]
[PlyCount "105"]
[EventDate "2011.10.08"]
[EventType "swiss"]
[EventRounds "9"]
[EventCountry "SUI"]
[SourceTitle "CBM 144 Extra"]
[Source "ChessBase"]
[SourceDate "2011.10.28"]
[SourceVersion "1"]
[SourceVersionDate "2011.10.28"]
[SourceQuality "1"]

1. d4 Nf6 2. c4 e6 3. g3 d5 4. Nf3 Bb4+ 5. Bd2 Be7 6. Bg2 0-0 7. 0-0 Nbd7 8. Bf4 dxc4 9. Qc2 Nd5 10. Qxc4 c5 11. Nc3 Nxf4 12. gxf4 Nb6 13. Qd3 c4 14. Qd2 f5 15. Ne5 Bf6 16. Rfd1 Rb8 17. a4 Bxe5 18. dxe5 Qxd2 19. Rxd2 Nd7 20. Rd4 Nc5 21. Rxc4 b6 22. Rd1 a5 23. Rcd4 Ba6 24. Rd6 Kf7 25. Rc6 Rfc8 26. Rdd6 Rxc6 27. Rxc6 Bc4 28. Rc7+ Kg8 29. Bf1 Bb3 30. e3 Rd8 31. Rc6 Rb8 32. Bb5 Kf7 33. Rc7+ Kg6 34. Kf1 Rd8 35. Ke2 Kh6 36. Rc6 Rb8 37. Rd6 Kh5 38. Kf3 h6 39. Kg3 g5 40. Be2+ Kg6 41. Bd1 Bc4 42. Bc2 Kh5 43. Rd4 gxf4+ 44. Kxf4 Bf1 45. e4 fxe4 46. Nxe4 Kh4 47. Rd6 Bc4 48. Rd4 Bf1 49. b3 Rf8+ 50. Ke3 Kh3 51. Rd6 Nxe4 52. Bxe4 Re8 53. Rxe6 1-0

[Event "Baden Casino op 3rd"]
[Site "Baden"]
[Date "1998.??.??"]
[Round "3"]
[White "Pfister, Peter"]
[Black "Jenni, Florian"]
[Result "0-1"]
[WhiteElo "2185"]
[BlackElo "2415"]
[PlyCount "68"]
[EventDate "1998.04.10"]
[EventType "swiss"]
[EventRounds "9"]
[EventCountry "SUI"]
[SourceTitle "CBM 064 Extra"]
[Source "ChessBase"]
[SourceDate "1998.07.07"]
[SourceVersion "1"]
[SourceVersionDate "1998.07.07"]
[SourceQuality "1"]

1. d4 Nf6 2. c4 g6 3. Nc3 Bg7 4. e4 d6 5. Be2 0-0 6. Bg5 c5 7. d5 e6 8. Qd2 exd5 9. exd5 Re8 10. Nf3 Na6 11. 0-0 Nc7 12. Rfe1 a6 13. a4 Rb8 14. Qf4 b5 15. axb5 axb5 16. Ne4 Rxe4 17. Qxe4 h6 18. Bxf6 Bxf6 19. cxb5 Bf5 20. Qc4 Rxb5 21. Ra7 Rxb2 22. Bf1 Nb5 23. Ra6 Kg7 24. Qa4 Rb4 25. Bxb5 Rxa4 26. Bxa4 Qb8 27. Bc6 c4 28. h4 c3 29. Ra8 Qb6 30. Ree8 c2 31. Rh8 c1Q+ 32. Kh2 Qf4+ 33. Kh1 Qb1+ 34. Ng1 Qxh4# 0-1

[Event "Baden Casino op 3rd"]
[Site "Baden"]
[Date "1998.??.??"]
[Round "5"]
[White "Pfister, Peter"]
[Black "Kaenel, Hansjuerg"]
[Result "0-1"]
[WhiteElo "2185"]
[BlackElo "2385"]
[PlyCount "82"]
[EventDate "1998.04.10"]
[EventType "swiss"]
[EventRounds "9"]
[EventCountry "SUI"]
[SourceTitle "CBM 064 Extra"]
[Source "ChessBase"]
[SourceDate "1998.07.07"]
[SourceVersion "1"]
[SourceVersionDate "1998.07.07"]
[SourceQuality "1"]

1. d4 Nf6 2. c4 c5 3. d5 b5 4. a4 bxc4 5. Nc3 d6 6. e4 g6 7. Bxc4 Bg7 8. Nf3 Bg4 9. h3 Bxf3 10. Qxf3 Nbd7 11. Qe2 0-0 12. 0-0 Ne8 13. Bg5 Rb8 14. Bb5 Nc7 15. f4 Nxb5 16. axb5 Rb7 17. Ra3 Nb6 18. Bh4 Qd7 19. f5 Rfb8 20. Bg3 Qc7 21. h4 Nd7 22. h5 g5 23. Rfa1 h6 24. Qc4 Nb6 25. Qe2 Bd4+ 26. Kh2 f6 27. Ra6 Kg7 28. Be1 Nc8 29. R1a5 Qd7 30. Rc6 Nb6 31. Nb1 Qd8 32. g4 Nd7 33. Rca6 Ne5 34. Bg3 c4 35. Na3 Rc8 36. Bxe5 Bxe5+ 37. Kh1 c3 38. bxc3 Rxc3 39. Rxa7 Rxa7 40. Rxa7 Rh3+ 41. Kg1 Qb6+ 0-1